000 01322cam a2200337 a 4500
003 CHAP
005 20220329142504.0
008 010613d1999 mx r 000 spa d
010 _a84184
011 _a85156
035 _a95687
040 _cCHAP
082 0 0 _a607
_bP76p 1999 Nay.
110 2 _aPrograma Elemental de Asistencia Técnica. México
_992318
245 0 0 _aEvaluación estatal del PEAT :
_bprimavera-verano 99 : Nayarít
_c/por UACH. Unidad de Investigación, Capacitación y Evaluación para el Desarrollo Rural
260 _a{México, D.F.} :
_bSecretaría de Agricultura Ganadería y Desarrollo Rural,
_c1999.
300 _ap.
590 _aBATCH-UPD
_b10
_c20130110
_lUCH01
_h0344
590 _aBATCH-UPD
_b10
_c20130110
_lUCH01
_h1758
590 _aBATCH-UPD
_b10
_c20130410
_lUCH01
_h0017
590 _aBATCH-UPD
_b10
_c20130914
_lUCH01
_h0505
590 _aCONVERSION
_b10
_c20130109
_lUCH01
_h1347
650 1 4 _aAgricultura
_xNayarit.
_91748
650 1 4 _aAyuda técnica.
_99035
650 1 4 _aProgramas de capacitación
_xEvaluación.
_992377
710 0 _aUACH. Unidad de Investigación, Capacitación y Evaluación para el Desarrollo Rural.
_9115972
901 _aBK
905 _aLilia Sánchez G.
942 _cLIBRO
949 _a607 P76p 1999 Nay.
_bBC
_cUACH
_d33724000836086
_eUACH
_h100468
_i95687
_sb
999 _c84184
_d84184